00734nam a2200193Ia 4500001001000000003000500010008004100015010001100056040000900067100002700076245017600103260003500279300001000314502008700324650002500411650001900436650003500455710005000490Para_1108CHAP220125s1996 xx 000 0 und d a199852 cCHAP aRamírez Vega, Martha aEntomofauna asociada al cultivo de col (Brassica oleracea var. capitata), bajo diferentes niveles de fertilización, en el área de Chapingo /c por Martha Ramirez Vega aChapingo, Méx. :b El autor a51 h. aTesis (Ing. Agr. Esp. en Parasitología Agrícola), UACh. Depto. Parasitología aCol x enfermedades  aCol x plagas  aFertilizantes x efecto en col aUACh. Departamento Parasitología Agrícola